Welcome to CU Library Online Public Access Catalogue (OPAC)

Advertising principles : (Record no. 3926)

MARC details
000 -LEADER
fixed length control field 00602nam a2200193 a 4500
001 - CONTROL NUMBER
control field 2160183
005 - DATE AND TIME OF LATEST TRANSACTION
control field 20250310115703.0
008 - FIXED-LENGTH DATA ELEMENTS--GENERAL INFORMATION
fixed length control field 980427s1999 ilua b 001 0 eng d
020 ## - INTERNATIONAL STANDARD BOOK NUMBER
International Standard Book Number 0844229903
020 ## - INTERNATIONAL STANDARD BOOK NUMBER
International Standard Book Number 9780844229904
050 04 - LIBRARY OF CONGRESS CALL NUMBER
Classification number HF5823
Item number .V28 1999
100 2# - MAIN ENTRY--PERSONAL NAME
Personal name Vanden Bergh, Bruce G.
245 10 - TITLE STATEMENT
Title Advertising principles :
Remainder of title choice, challenge, change /
Statement of responsibility, etc. Bruce G. Vanden Bergh, Helen Katz.
260 ## - PUBLICATION, DISTRIBUTION, ETC.
Place of publication, distribution, etc. Lincolnwood, Ill. :
Name of publisher, distributor, etc. NTC Business Books,
Date of publication, distribution, etc. c1999.
300 ## - PHYSICAL DESCRIPTION
Extent xxii, 582 p. :
Other physical details ill. (some col.) ;
Dimensions 29 cm.
650 #0 - SUBJECT ADDED ENTRY--TOPICAL TERM
Topical term or geographic name entry element Advertising.
700 1# - ADDED ENTRY--PERSONAL NAME
Personal name Katz, Helen E.
942 ## - ADDED ENTRY ELEMENTS (KOHA)
Source of classification or shelving scheme Library of Congress Classification
Koha item type Books
Suppress in OPAC No
999 ## -
-- 3926
-- 3926
Holdings
Withdrawn status Lost status Source of classification or shelving scheme Damaged status Not for loan Collection Home library Current library Shelving location Date acquired Total checkouts Full call number Barcode Date last seen Copy number Price effective from Koha item type
    Library of Congress Classification     Non-fiction Business Library (Miotso) Business Library (Miotso) General stacks 03/10/2025   HF5823 .V28 1999 BSSM00001275 03/10/2025 2 03/10/2025 Books
    Library of Congress Classification     Non-fiction Business Library (Miotso) Business Library (Miotso) General stacks 03/10/2025   HF5823 .V28 1999 BSSM00001276 03/10/2025 3 03/10/2025 Books
    Library of Congress Classification     Non-fiction Business Library (Miotso) Business Library (Miotso) General stacks 03/10/2025   HF5823 .V28 1999 BSSM00001277 03/10/2025 4 03/10/2025 Books
    Library of Congress Classification     Non-fiction Business Library (Miotso) Business Library (Miotso) General stacks 03/10/2025   HF5823 .V28 1999 BSSM00001278 03/10/2025 5 03/10/2025 Books
    Library of Congress Classification       Graduate Library (Christ Temple) Graduate Library (Christ Temple) General stacks 03/09/2026   HF 5823 BER gsct00003074 03/09/2026   03/09/2026 Books
    Library of Congress Classification       Graduate Library (Christ Temple) Graduate Library (Christ Temple) General stacks 03/09/2026   HF 5823 BER gsct00003075 03/09/2026   03/09/2026 Books
    Library of Congress Classification       Graduate Library (Christ Temple) Graduate Library (Christ Temple) General stacks 03/09/2026   HF 5823 BER gsct00003076 03/09/2026   03/09/2026 Books
    Library of Congress Classification       Graduate Library (Christ Temple) Graduate Library (Christ Temple) General stacks 03/09/2026   HF 5823 BER gsct00003077 03/09/2026   03/09/2026 Books
    Library of Congress Classification       Graduate Library (Christ Temple) Graduate Library (Christ Temple) General stacks 03/09/2026   HF 5823 BER gsct00003078 03/09/2026   03/09/2026 Books
    Library of Congress Classification       Graduate Library (Christ Temple) Graduate Library (Christ Temple) General stacks 03/09/2026   HF 5823 BER gsct00003079 03/09/2026   03/09/2026 Books
    Library of Congress Classification       Graduate Library (Christ Temple) Graduate Library (Christ Temple) General stacks 03/09/2026   HF 5823 BER gsct00003080 03/09/2026   03/09/2026 Books
    Library of Congress Classification       Graduate Library (Christ Temple) Graduate Library (Christ Temple) General stacks 03/09/2026   HF 5823 BER gsct00003081 03/09/2026   03/09/2026 Books
    Library of Congress Classification       Graduate Library (Christ Temple) Graduate Library (Christ Temple) General stacks 03/09/2026   HF 5823 BER gsct00003082 03/09/2026   03/09/2026 Books
    Library of Congress Classification       Graduate Library (Christ Temple) Graduate Library (Christ Temple) General stacks 03/09/2026   HF 5823 BER gsct00003083 03/09/2026   03/09/2026 Books
    Library of Congress Classification     Non-fiction Undergraduate Library (Christ Temple) Undergraduate Library (Christ Temple) General stacks 02/18/2025   HF5823 BER ulct00001259 02/18/2025 1 02/18/2025 Books
© 2023-2024 Copyright: Central University Libraries. All Rights Reserved | Created by: Mahone Tech Office